000 02099nam0a2200325 i 4500
001 RU\NLR\bibl\1969315
005 20241114170653.0
010 _a9785876236388
_9200
021 _aRU
_b2012-83820
_96203
035 _a(NLR Aleph) 001958181
090 _a3788605
_c3788605
100 _a20121120d2012 u y0rusy50 ca
101 0 _arus
102 _aRU
105 _aa |||||||||
200 1 _aВнутреннее трение и механическая спектроскопия металлических материалов
_eучебник
_eдля студентов высших учебных заведений, обучающихся [в рамках бакалаврских, магистерских и инженерных программ] по направлению 150400 Металлургия [150702 "Физика металлов", 152100 "Наноматериалы", 140400 "Техническая физика"] и специальности Физика металлов
_fИ.С. Головин
_gМ-во образования и науки РФ, Федер. гос. автоном. образоват. учреждение высш. проф. образования "Нац. исслед. технол. ун-т "МИСиС", Каф. металловедения цв. металлов
210 _aМосква
_cМИСиС
_d2012
215 _a246 с.
_cил.
_d21
320 _aБиблиогр.: с. 242-246 (92 назв.)
606 1 _aМеталлы
_jУчебники для высших учебных заведений
_xСпектральный анализ
_91651246
_3RU\NLR\auth\66730827
606 _aМеталлы
_jУчебники для высших учебных заведений
_xТрение внутреннее
_91083230
_3RU\NLR\auth\66423703
686 _aК206.24я73-1
686 _aК208-1с344я73-1
700 1 _aГоловин
_bИ. С.
_gИгорь Станиславович
_4070
801 0 _aRU
_bNLR
_c20121120
_gRCR
801 1 _aRU
_bNLR
_c20121120
830 _aавт. по кн.
942 _cBOOK
980 _aNBR